Escultura en Chile. Otra mirada para su estudio.

Sparad:
Bibliografiska uppgifter
Huvudupphovsman: Solanich Sotomayor, Enrique (autor)
Materialtyp: Okänd
Publicerad: Santiago, Chile: Municipalidad de Lo Barnechea; RiL editores, 2017.
Ämnen:
Taggar: Lägg till en tagg
Inga taggar, Lägg till första taggen!

MARC

LEADER 00000 a2200000 4500
003 CL-VaPUC
005 20230503164654.0
008 230418t2017 ||||| |||| 00| 0 eng d
999 |c 440391  |d 440389 
020 |a 978-956-01-0454-0 
040 |c Pontificia Universidad Católica de Valparaíso 
082 7 |a 730.983 SOL 2017  |2 22 
100 |a Solanich Sotomayor, Enrique  |9 616733  |e autor 
245 |a Escultura en Chile.   |b Otra mirada para su estudio.  
260 |a Santiago, Chile:   |b Municipalidad de Lo Barnechea;  |b RiL editores,   |c 2017. 
300 |a 197 páginas;   |b  ilustraciones.  
583 |k Catalogador Asistente  |c 20230418 
650 0 |a Escultura chilena   |9 376592  |x Historia   |y Siglo 20 
650 0 |a Escultura moderna   |9 870126  |y Siglo 20  |z Chile 
650 0 |a Escultores  |9 267159  |z Chile   |y Siglo 20 
942 |2 ddc  |c BK 
952 |0 0  |1 0  |2 ddc  |4 0  |6 730_983000000000000_SOL_2017  |7 0  |8 A  |9 589659  |a BIBART  |b BIBART  |c GEN  |d 2023-04-14  |e 159  |g 27600.00  |i 5657177  |o 730.983 SOL 2017  |p 5657177  |r 2025-03-13  |t 1  |v 27600.00  |w 2023-04-14  |y BK  |k ART